| 000 | 00973nam a2200277 i 4500 | ||
|---|---|---|---|
| 001 | bg | ||
| 245 | 1 | 0 |
_aPolski system podatkowy : _bzałożenia a praktyka / _cpod red. Alicji Pomorskiej. |
| 260 |
_aLublin : _bWydaw. Uniwersytetu Marii Curie-Skłodowskiej, _c2004. |
||
| 300 |
_a570 s. ; _c24 cm. |
||
| 504 | _aBibliogr. przy art. | ||
| 610 | 2 | 9 |
_aUnia Europejska _xa Polska _xfinanse |
| 650 | 9 |
_aHarmonizacja prawa _zPolska |
|
| 650 | 9 |
_aPodatek _xpolityka _zPolska _yod 1989 r. |
|
| 650 | 9 |
_aPodatek _xprawo wspólnotowe europejskie _ystan na 2001 r. |
|
| 650 | 9 |
_aPodatek _xprawo _zPolska _ystan na 2004 r. |
|
| 651 | 9 |
_aPolska _xa Unia Europejska _xfinanse |
|
| 700 | 1 |
_aPOMORSKA, Alicja. _eRed. |
|
| 020 | _a8322722648 | ||
| 040 | _cBPK | ||
| 041 | 0 | _apol | |
| 080 | _a336.221.24(438:4-67) | ||
| 920 | _a83-227-2264-8 | ||
| 942 | _cKS | ||
| 008 | s pl f |000 0 pol | ||
| 999 |
_c45589 _d45589 |
||
| 856 |
_uhttp://koha.tu.koszalin.pl/cgi-bin/koha/opac-detail.pl?biblionumber=45589 _yKatalog online BPK |
||